UBT Library

Discourse on Method & Meditations on First Philosophy (Record no. 53819)

000 -LEADER
fixed length control field 00325nam a22001337a 4500
008 - FIXED-LENGTH DATA ELEMENTS--GENERAL INFORMATION
fixed length control field 190129b xxu||||| |||| 00| 0 eng d
020 ## - INTERNATIONAL STANDARD BOOK NUMBER
International Standard Book Number 978146090368
041 ## - LANGUAGE CODE
Language code of text/sound track or separate title eng
080 ## - UNIVERSAL DECIMAL CLASSIFICATION NUMBER
Universal Decimal Classification number 101
100 ## - Rafti
Rafti 24
101 ## - Shkurtesa
Shkurtesa FIL
245 ## - TITLE STATEMENT
Title Discourse on Method & Meditations on First Philosophy
Statement of responsibility, etc Desecartes,R
942 ## - ADDED ENTRY ELEMENTS (KOHA)
Source of classification or shelving scheme
Item type Books
Holdings
Withdrawn status Lost status Source of classification or shelving scheme Damaged status Not for loan Collection code Permanent location Current location Shelving location Date acquired Total Checkouts Full call number Barcode Date last seen Price effective from Koha item type
          Koleksioni i përgjithshem UBT - Lipjan UBT - Lipjan Koleksioni i përgjithshem 01/29/2019   101 DES 002-3021443 01/29/2019 01/29/2019 Books
UBT Library © 2015-2024. All rights reserved University Education for Business and Technology